|
|
|
|
| LEADER |
00000nmm0a2200000 4500 |
| 001 |
106118 |
| 005 |
20231031114754.0 |
| 010 |
|
|
|a 5947743418
|
| 035 |
|
|
|a (RuTPU)RU\TPU\book\114515
|
| 090 |
|
|
|a 106118
|
| 100 |
|
|
|a 20061201d2006 km y0rusy50 ca
|
| 101 |
0 |
|
|a rus
|
| 102 |
|
|
|a RU
|
| 105 |
|
|
|a a z 001zy
|
| 200 |
1 |
|
|a Углеродные нанотрубки: строение, свойства, применения
|f П. Н. Дьячков
|
| 210 |
|
|
|a Москва
|c БИНОМ. Лаборатория знаний
|d 2006
|
| 215 |
|
|
|a 293 с.
|c ил.
|e CD-ROM
|
| 225 |
1 |
|
|a Нанотехнология
|
| 320 |
|
|
|a Библиогр.: с. 268-285.
|
| 320 |
|
|
|a Предметный указатель: с. 286-289.
|
| 330 |
|
|
|a Материал книги изложен в двух главах. Первая из них содержит рассеянную по многочисленным журнальным публикациям информацию о строении, свойствах и возможных применениях углеродных нанотрубок. Во второй главе представлены оригинальные результаты автора в данной области — квантовохимические расчеты электронного строения нанотрубок с помощью методов сильной связи и линеаризованных присоединенных цилиндрических волн. Прилагаемый к книге CD-ROM содержит пакет авторских программ на языке ФОРТРАН по расчету электронной структуры нанотрубок и нанопроводов. Для студентов, аспирантов физико-химических и инженерных специальностей, а также научных сотрудников.
|
| 610 |
1 |
|
|a нанотехнология
|
| 610 |
1 |
|
|a углеродные нанотрубки
|
| 610 |
1 |
|
|a строение
|
| 610 |
1 |
|
|a свойства
|
| 610 |
1 |
|
|a получение
|
| 610 |
1 |
|
|a металлы
|
| 610 |
1 |
|
|a полупроводники
|
| 610 |
1 |
|
|a нанотрубки
|
| 610 |
1 |
|
|a квантовая химия
|
| 610 |
1 |
|
|a электронное строение
|
| 610 |
1 |
|
|a расчеты
|
| 610 |
1 |
|
|a CD-ROM
|
| 675 |
|
|
|a 620.18
|v 3
|
| 700 |
|
1 |
|a Дьячков
|b П. Н.
|g Павел Николаевич
|
| 801 |
|
1 |
|a RU
|b 63413507
|c 20061201
|g PSBO
|
| 801 |
|
2 |
|a RU
|b 63413507
|c 20221206
|g PSBO
|
| 942 |
|
|
|c MX
|